Normal view
MARC view
- Birkhoff, Garrett:Rota, Gian-Carlo
Entry Personal Name
001 - CONTROL NUMBER
- control field: 63798
003 - CONTROL NUMBER IDENTIFIER
- control field: NUST
005 - DATE AND TIME OF LATEST TRANSACTION
- control field: 20210628203158.0
008 - FIXED-LENGTH DATA ELEMENTS
- fixed length control field: 210628|| aca||aabn | a|a d
040 ## - CATALOGING SOURCE
- Original cataloging agency: NUST
- Transcribing agency: NUST
100 ## - HEADING--PERSONAL NAME
- Personal name: Birkhoff, Garrett:Rota, Gian-Carlo
670 ## - SOURCE DATA FOUND
- Source citation: Work cat.: (NUST): Birkhoff, Garrett:Rota, Gian-Carlo, Ordinary differential equations, 2003
